| 000 | 00000nam##2200000za#4500 |
| 001 | 9.600533 |
| 003 | CaOODSP |
| 005 | 20210624205628 |
| 007 | cr ||||||||||| |
| 008 | 150406|1996||||xxc|||||o f|0| 0 fre|d |
| 040 | |aCaOODSP|bfre |
| 043 | |an-cn--- |
| 086 | 1 |aNH15-162/3-1995F-PDF |
| 110 | 2 |aSociété canadienne d'hypothèques et de logement. |
| 245 | 10|aRenaturalisation des surfaces décapées au voisinage des habitations dans le village nordique de Kuujjuaq |h[ressource électronique] |
| 260 | |aOttawa - Ontario : |bSociété canadienne d'hypothèques et de logement |cFévrier 1996. |
| 300 | |a73p.|bfigures, carte, références, tableaux, photographies |
| 490 | 1 |aRapport de recherche |
| 590 | |a12-25-Supp|b2012-06-04 |
| 830 | #0|aResearch report (Société canadienne d'hypothèques et de logement : En ligne)|w(CaOODSP)9.502470 |
| 856 | 40|ahttp://publications.gc.ca|qPDF|s2 Mo|uhttps://publications.gc.ca/collections/collection_2011/schl-cmhc/nh18-1-2/NH15-162-3-1995-fra.pdf |